[Event "World Amateur-ch (Women)"]
[Site "Chalkidiki"]
[Date "2015.04.17"]
[Round "5"]
[White "Amarjargal, Enkhbayar"]
[Black "Aparajita, Gochhikar"]
[Result "1/2-1/2"]
[WhiteElo "1809"]
[BlackElo "1800"]
[PlyCount "86"]
[EventDate "2015.04.14"]
[EventType "team-swiss"]
[EventRounds "9"]
[EventCountry "GRE"]
[SourceTitle "CBM 166 Extra"]
[Source "ChessBase"]
[SourceDate "2015.06.18"]
[SourceVersion "1"]
[SourceVersionDate "2015.06.18"]
[SourceQuality "1"]

1. e4 d6 2. d4 Nf6 3. Bd3 e5 4. d5 Nbd7 5. Be3 Be7 6. h3 Nf8 7. Ne2 Ng6 8. 0-0 Nh5 9. Qd2 Nh4 10. f4 exf4 11. Nxf4 Nxf4 12. Bxf4 0-0 13. Bg3 Bg5 14. Qe1 Qe7 15. Na3 Bd7 16. c3 Rae8 17. Nc2 f5 18. exf5 Nxf5 19. Bxf5 Bxf5 20. Qxe7 Rxe7 21. Nd4 Be3+ 22. Bf2 Bd3 23. Ne6 Rxe6 24. dxe6 Bxf1 25. Bxe3 Bc4 26. e7 Re8 27. Bxa7 b6 28. a4 Kf7 29. Re1 Rxe7 30. Rxe7+ Kxe7 31. b4 Kd7 32. a5 bxa5 33. bxa5 Kc6 34. Bd4 g6 35. Bf6 d5 36. Kf2 Kb5 37. Bd8 Kxa5 38. Bxc7+ Kb5 39. g4 h5 40. g5 Bd3 41. Ke3 Kc4 42. Be5 Bf1 43. h4 Bd3 1/2-1/2